Online
Catalog

Destino de las almas : (Record no. 25674)

MARC details
000 -CABECERA
campo de control de longitud fija 00823nam a2200229 a 4500
001 - NÚMERO DE CONTROL
campo de control 000026182
005 - FECHA Y HORA DE LA ÚLTIMA TRANSACCIÓN
campo de control 20200930024354.0
008 - DATOS DE LONGITUD FIJA--INFORMACIÓN GENERAL
campo de control de longitud fija 110303s2001 mnua r 000 0 spa d
020 ## - NÚMERO INTERNACIONAL ESTÁNDAR DEL LIBRO
Número Internacional Estándar del Libro 1567184987
040 ## - FUENTE DE LA CATALOGACIÓN
Centro catalogador/agencia de origen DO-SdBNP
Lengua de catalogación spa
Centro/agencia transcriptor BNPHU
041 17 - CÓDIGO DE LENGUA
Código de lengua del texto/banda sonora o título independiente spa
-- eng
Fuente del código Código de idioma MARC
082 ## - NÚMERO DE LA CLASIFICACIÓN DECIMAL DEWEY
Número de clasificación NNN
Número de documento/Ítem N561d
049 ## - FONDOS LOCALES (OCLC)
Fondos de biblioteca BNGR
100 1# - ENTRADA PRINCIPAL--NOMBRE DE PERSONA
Nombre de persona Newton, Michael,
Fechas asociadas al nombre 1951-
9 (RLIN) 53190
240 10 - TÍTULO UNIFORME
Título uniforme Destiny of souls.
Lenguaje de la obra Español.
245 10 - MENCIÓN DE TÍTULO
Título Destino de las almas :
Resto del título un eterno crecimiento espiritual /
Mención de responsabilidad, etc. Michael Newton ; traducido al español por Jorge Camargo González, Edgar Rojas.
260 ## - PUBLICACIÓN, DISTRIBUCIÓN, ETC.
Lugar de publicación, distribución, etc. Minnesota :
Nombre del editor, distribuidor, etc. Llewellyn Español,
Fecha de publicación, distribución, etc. 2001.
300 ## - DESCRIPCIÓN FÍSICA
Extensión xv, 362, [6] p. :
Otras características físicas il. ;
Dimensiones 23 cm.
534 ## - NOTA SOBRE LA VERSIÓN ORIGINAL
Encabezamiento principal del original Título original:
Mención de título del original Destiny of souls.
700 1# - PUNTO DE ACCESO ADICIONAL--NOMBRE DE PERSONA
Nombre de persona Rojas, Edgar,
Término indicativo de función/relación tr.
9 (RLIN) 31314
700 1# - PUNTO DE ACCESO ADICIONAL--NOMBRE DE PERSONA
Nombre de persona Camargo González, Jorge,
Término indicativo de función/relación tr.
9 (RLIN) 53191
Holdings
Estado de retiro Estado de pérdida Restricciones de uso No para préstamo Código de colección Localización permanente Ubicación/localización actual Ubicación en estantería Fecha de adquisición Número de inventario Total de préstamos Signatura topográfica completa Código de barras Fecha visto por última vez Precio válido a partir de Tipo de ítem Koha
        Monografías: Libros y Folletos General General En catalogación 03.03.2011 LF1   NNN N561d 26182-10 25.06.2020 25.06.2020 Préstamo en sala

Powered by Koha